| 000 | 00942nam a2200241Ia 4500 | ||
|---|---|---|---|
| 005 | 20240530110906.0 | ||
| 008 | 140319s2008 ua a g b 000 0 ara d | ||
| 017 | _bمصر. دار الكتب | ||
| 040 |
_aGCL / _cGCL |
||
| 082 | 0 | 4 |
_a307.768/ _bم م _221 |
| 100 | 0 | _aمصطفى عمر حمادة | |
| 245 | 1 | 0 |
_aالمدن الجديدة : _bدراسة فى الانثروبولوجيا الحضرية / _cمصطفى عمر حمادة |
| 250 | _aالاولى | ||
| 260 |
_bدار المعرفة الجامعية، _c2008. |
||
| 300 |
_a342 ص : _bجداول ؛ _c24 سم. |
||
| 504 | _aيشتمل على ارجاعات ببليوجرافية | ||
| 650 | 0 | 7 |
_aتخطيط المدن _2qrmak |
| 650 | 0 | 7 |
_2qrmak _aتخطيط المدن _zمصر |
| 650 | 0 | 7 |
_2qrmak _aالمدن الجديدة _zمصر |
| 651 | 0 | 7 |
_2qrmak _aمصر _xالتنمية العمرانية |
| 942 |
_2ddc _cBK |
||
| 999 |
_c66211 _d66211 |
||